[Event "European Rapid Championship 2021"]
[Site "Katowice"]
[Date "2021.12.18"]
[Round "4.21"]
[White "Wieczorek, Oskar"]
[Black "Jonsson, Gauti Pall"]
[Result "1-0"]
[WhiteElo "2367"]
[BlackElo "2014"]
[Annotator "NA"]
[PlyCount "53"]
[EventDate "2021.12.18"]
[EventType "swiss"]
[EventCountry "POL"]
[SourceTitle "playchess.com"]
[Source "ChessBase"]
[SourceQuality "1"]
[TimeControl "900+10"]

1. e4 {[%emt 0:00:46]} d5 {[%emt 0:00:35]} 2. exd5 {[%emt 0:00:02]} Qxd5 {
[%emt 0:00:02]} 3. Nc3 {[%emt 0:00:01]} Qd8 {[%emt 0:00:06]} 4. d4 {[%emt 0:00:
05]} Nf6 {[%emt 0:00:04]} 5. Bc4 {[%emt 0:00:14]} a6 {[%emt 0:00:13]} 6. a4 {
[%emt 0:00:04]} Nc6 {[%emt 0:00:27]} 7. Nf3 {[%emt 0:01:48]} Bf5 {[%emt 0:01:
08]} 8. d5 {[%emt 0:02:10]} Nb4 {[%emt 0:00:24]} 9. Nd4 {[%emt 0:00:01]} Bg4 {
[%emt 0:02:05]} 10. f3 {[%emt 0:00:16]} e5 {[%emt 0:01:21]} 11. dxe6 {[%emt 0:
02:28]} Bxe6 {[%emt 0:02:39]} 12. Nxe6 {[%emt 0:01:51]} fxe6 {[%emt 0:00:16]}
13. Qe2 {[%emt 0:00:57]} Be7 {[%emt 0:01:25]} 14. Bxe6 {[%emt 0:00:54]} Qd6 {
[%emt 0:00:06]} 15. Bb3 {[%emt 0:01:21]} O-O-O {[%emt 0:00:46]} 16. O-O {
[%emt 0:00:02]} Rhe8 {[%emt 0:00:35]} 17. Qe6+ {[%emt 0:02:04]} Qxe6 {[%emt 0:
00:02]} 18. Bxe6+ {[%emt 0:00:03]} Kb8 {[%emt 0:00:01]} 19. Bb3 {[%emt 0:00:10]
} Bc5+ {[%emt 0:00:38]} 20. Kh1 {[%emt 0:00:02]} Nh5 {[%emt 0:00:30]} 21. Bg5 {
[%emt 0:00:55]} Re5 {[%emt 0:00:00]} 22. Bxd8 {[%emt 0:00:43]} Ng3+ {[%emt 0:
00:07]} 23. hxg3 {[%emt 0:00:02]} Rh5+ {[%emt 0:00:02]} 24. Bh4 {[%emt 0:00:01]
} g5 {[%emt 0:00:01]} 25. Rae1 {[%emt 0:00:28]} gxh4 {[%emt 0:00:02]} 26. g4 {
[%emt 0:00:01]} Rh6 {[%emt 0:00:07]} 27. Re6 {[%emt 0:00:02]} 1-0

[Event "European Rapid Championship 2021"]
[Site "Katowice"]
[Date "2021.12.18"]
[Round "4.22"]
[White "Teclaf, Pawel"]
[Black "Karolczuk, Iwo"]
[Result "1-0"]
[WhiteElo "2345"]
[BlackElo "2007"]
[Annotator "NA"]
[PlyCount "127"]
[EventDate "2021.12.18"]
[EventType "swiss"]
[EventCountry "POL"]
[SourceTitle "playchess.com"]
[Source "ChessBase"]
[SourceQuality "1"]
[TimeControl "900+10"]

1. b3 {[%emt 0:00:08]} c5 {[%emt 0:00:08]} 2. Bb2 {[%emt 0:00:02]} Nc6 {
[%emt 0:00:02]} 3. Nf3 {[%emt 0:00:06]} d6 {[%emt 0:00:07]} 4. d4 {[%emt 0:00:
10]} cxd4 {[%emt 0:00:06]} 5. Nxd4 {[%emt 0:00:02]} e5 {[%emt 0:00:15]} 6. Nxc6
{[%emt 0:00:13]} bxc6 {[%emt 0:00:02]} 7. g3 {[%emt 0:00:02]} Nf6 {[%emt 0:00:
51]} 8. Bg2 {[%emt 0:00:02]} Qc7 {[%emt 0:00:05]} 9. c4 {[%emt 0:00:15]} Be7 {
[%emt 0:00:19]} 10. Nc3 {[%emt 0:00:08]} O-O {[%emt 0:01:03]} 11. O-O {[%emt 0:
00:02]} Rb8 {[%emt 0:00:10]} 12. Qd2 {[%emt 0:00:31]} Be6 {[%emt 0:01:08]} 13.
Rac1 {[%emt 0:00:07]} Qd7 {[%emt 0:01:16]} 14. Rfd1 {[%emt 0:00:27]} Rfd8 {
[%emt 0:00:17]} 15. Ne4 {[%emt 0:03:56]} Nxe4 {[%emt 0:01:39]} 16. Bxe4 {
[%emt 0:00:02]} f5 {[%emt 0:00:20]} 17. Bg2 {[%emt 0:00:04]} Bf6 {[%emt 0:00:
47]} 18. e3 {[%emt 0:01:36]} Rbc8 {[%emt 0:03:03]} 19. Qa5 {[%emt 0:00:11]} Qc7
{[%emt 0:00:36]} 20. Qa4 {[%emt 0:01:09]} h5 {[%emt 0:01:44]} 21. Rd2 {[%emt 0:
01:20]} h4 {[%emt 0:01:15]} 22. Bc3 {[%emt 0:00:37]} Rf8 {[%emt 0:00:52]} 23.
Qb4 {[%emt 0:01:06]} Be7 {[%emt 0:00:22]} 24. Qa5 {[%emt 0:00:09]} Qb8 {
[%emt 0:00:41]} 25. Rcd1 {[%emt 0:01:20]} e4 {[%emt 0:01:01]} 26. Bd4 {[%emt 0:
01:38]} c5 {[%emt 0:00:22]} 27. Bb2 {[%emt 0:00:12]} Rcd8 {[%emt 0:00:22]} 28.
Bc3 {[%emt 0:01:31]} Qb6 {[%emt 0:00:02]} 29. Qa3 {[%emt 0:00:07]} hxg3 {
[%emt 0:00:07]} 30. hxg3 {[%emt 0:00:06]} Qb8 {[%emt 0:00:17]} 31. Bf1 {
[%emt 0:00:15]} Kf7 {[%emt 0:00:24]} 32. b4 {[%emt 0:00:27]} Kg8 {[%emt 0:00:
22]} 33. bxc5 {[%emt 0:00:13]} dxc5 {[%emt 0:00:02]} 34. Rxd8 {[%emt 0:00:10]}
Rxd8 {[%emt 0:00:01]} 35. Rxd8+ {[%emt 0:00:01]} Qxd8 {[%emt 0:00:01]} 36. Qxa7
{[%emt 0:00:02]} Bf8 {[%emt 0:00:24]} 37. Be2 {[%emt 0:00:43]} Qe8 {[%emt 0:00:
28]} 38. Qb7 {[%emt 0:01:14]} Qg6 {[%emt 0:00:05]} 39. Be5 {[%emt 0:00:05]} Qe8
{[%emt 0:00:21]} 40. Qb3 {[%emt 0:00:33]} Bd7 {[%emt 0:00:08]} 41. Qb8 {
[%emt 0:00:11]} Qxb8 {[%emt 0:00:09]} 42. Bxb8 {[%emt 0:00:02]} Ba4 {[%emt 0:
00:04]} 43. Kf1 {[%emt 0:00:03]} Kf7 {[%emt 0:00:02]} 44. Ke1 {[%emt 0:00:12]}
Ke6 {[%emt 0:00:02]} 45. Bd1 {[%emt 0:00:15]} Bxd1 {[%emt 0:00:21]} 46. Kxd1 {
[%emt 0:00:01]} Kd7 {[%emt 0:00:03]} 47. Ke2 {[%emt 0:00:11]} g6 {[%emt 0:00:
24]} 48. f3 {[%emt 0:00:07]} Be7 {[%emt 0:00:03]} 49. g4 {[%emt 0:00:20]} Bd8 {
[%emt 0:00:21]} 50. gxf5 {[%emt 0:00:10]} exf3+ {[%emt 0:00:09]} 51. Kxf3 {
[%emt 0:00:03]} gxf5 {[%emt 0:00:01]} 52. a4 {[%emt 0:00:06]} Ba5 {[%emt 0:00:
05]} 53. Be5 {[%emt 0:00:05]} Bd2 {[%emt 0:00:17]} 54. Ke2 {[%emt 0:00:02]} Ba5
{[%emt 0:00:12]} 55. Bg7 {[%emt 0:00:13]} Kc6 {[%emt 0:00:14]} 56. Kf3 {
[%emt 0:00:10]} Bc7 {[%emt 0:00:07]} 57. Bc3 {[%emt 0:00:12]} Kb6 {[%emt 0:00:
05]} 58. Kg2 {[%emt 0:00:13]} Kc6 {[%emt 0:00:21]} 59. Kh3 {[%emt 0:00:08]} Kd6
{[%emt 0:00:07]} 60. Kh4 {[%emt 0:00:22]} Ke6 {[%emt 0:00:02]} 61. Kg5 {
[%emt 0:00:02]} Bd8+ {[%emt 0:00:02]} 62. Kg6 {[%emt 0:00:01]} Bc7 {[%emt 0:00:
02]} 63. a5 {[%emt 0:00:08]} f4 {[%emt 0:00:24]} 64. a6 {[%emt 0:00:01]} 1-0

[Event "European Rapid Championship 2021"]
[Site "Katowice"]
[Date "2021.12.18"]
[Round "4.22"]
[White "Koubova, Anna Marie"]
[Black "Skawinski, Arkadiusz"]
[Result "0-1"]
[WhiteElo "1837"]
[BlackElo "2367"]
[Annotator "NA"]
[PlyCount "70"]
[EventDate "2021.12.18"]
[EventType "swiss"]
[EventCountry "POL"]
[SourceTitle "playchess.com"]
[Source "ChessBase"]
[SourceQuality "1"]
[TimeControl "900+10"]

1. d4 {[%emt 0:00:03]} d5 {[%emt 0:04:09]} 2. c4 {[%emt 0:00:05]} e6 {[%emt 0:
00:02]} 3. Nc3 {[%emt 0:00:05]} c6 {[%emt 0:00:01]} 4. e4 {[%emt 0:01:31]} dxe4
{[%emt 0:00:01]} 5. Nxe4 {[%emt 0:00:05]} Bb4+ {[%emt 0:00:01]} 6. Nc3 {
[%emt 0:00:14]} c5 {[%emt 0:00:01]} 7. Be3 {[%emt 0:00:55]} Nf6 {[%emt 0:00:03]
} 8. a3 {[%emt 0:00:32]} Ba5 {[%emt 0:00:01]} 9. Nge2 {[%emt 0:02:56]} Nc6 {
[%emt 0:00:02]} 10. dxc5 {[%emt 0:00:20]} Qe7 {[%emt 0:00:37]} 11. b4 {[%emt 0:
00:29]} Bc7 {[%emt 0:00:01]} 12. Nd4 {[%emt 0:00:38]} O-O {[%emt 0:01:16]} 13.
Nxc6 {[%emt 0:02:33]} bxc6 {[%emt 0:00:01]} 14. Be2 {[%emt 0:00:07]} e5 {
[%emt 0:00:05]} 15. O-O {[%emt 0:00:29]} e4 {[%emt 0:00:01]} 16. Qc2 {[%emt 0:
00:39]} Re8 {[%emt 0:00:41]} 17. Bd4 {[%emt 0:00:37]} Bf5 {[%emt 0:00:13]} 18.
Qa4 {[%emt 0:01:00]} Rad8 {[%emt 0:00:06]} 19. Bxf6 {[%emt 0:02:18]} Qxf6 {
[%emt 0:00:02]} 20. Rac1 {[%emt 0:00:10]} Bf4 {[%emt 0:00:07]} 21. Qxa7 {
[%emt 0:01:08]} Bxc1 {[%emt 0:00:02]} 22. Rxc1 {[%emt 0:00:00]} Ra8 {[%emt 0:
00:07]} 23. Qc7 {[%emt 0:01:31]} Rxa3 {[%emt 0:00:03]} 24. Nd1 {[%emt 0:00:10]}
Ra2 {[%emt 0:00:02]} 25. Bf1 {[%emt 0:00:17]} h5 {[%emt 0:02:11]} 26. b5 {
[%emt 0:00:03]} Rc8 {[%emt 0:00:37]} 27. Qf4 {[%emt 0:00:25]} Bg6 {[%emt 0:00:
30]} 28. Qxf6 {[%emt 0:00:12]} gxf6 {[%emt 0:00:02]} 29. Ne3 {[%emt 0:00:12]}
f5 {[%emt 0:00:20]} 30. g3 {[%emt 0:00:01]} Kg7 {[%emt 0:00:03]} 31. Bh3 {
[%emt 0:00:13]} Kf6 {[%emt 0:00:04]} 32. b6 {[%emt 0:00:08]} Ra5 {[%emt 0:00:
09]} 33. Rd1 {[%emt 0:00:08]} Rxc5 {[%emt 0:00:05]} 34. Rd6+ {[%emt 0:00:11]}
Ke7 {[%emt 0:00:02]} 35. Rd4 {[%emt 0:00:08]} Rb8 {[%emt 0:00:01]} 0-1

[Event "European Rapid Championship 2021"]
[Site "Katowice"]
[Date "2021.12.18"]
[Round "4.23"]
[White "Szwed, Jacek"]
[Black "Smieja, Adam"]
[Result "1-0"]
[WhiteElo "2372"]
[BlackElo "1818"]
[Annotator "ChessBase"]
[PlyCount "141"]
[EventDate "2021.12.18"]
[EventType "swiss"]
[EventCountry "POL"]
[SourceTitle "playchess.com"]
[Source "ChessBase"]
[SourceQuality "1"]
[TimeControl "900+10"]

1. e4 {[%emt 0:00:02]} c5 {[%emt 0:00:05]} 2. Nf3 {[%emt 0:00:02]} Nc6 {
[%emt 0:00:03]} 3. Bb5 {[%emt 0:00:02]} a6 {[%emt 0:00:01]} 4. Bxc6 {[%emt 0:
00:05]} dxc6 {[%emt 0:00:01]} 5. h3 {[%emt 0:00:10]} Qc7 {[%emt 0:00:02]} 6.
O-O {[%emt 0:00:29]} e5 {[%emt 0:00:04]} 7. d3 {[%emt 0:00:16]} f6 {[%emt 0:00:
04]} 8. a4 {[%emt 0:00:15]} Bd6 {[%emt 0:00:29]} 9. Nbd2 {[%emt 0:00:23]} Ne7 {
[%emt 0:00:04]} 10. Nc4 {[%emt 0:00:21]} g5 {[%emt 0:00:04]} 11. Nxd6+ {
[%emt 0:01:04]} Qxd6 {[%emt 0:00:04]} 12. Nd2 {[%emt 0:00:01]} h5 {[%emt 0:00:
03]} 13. Nc4 {[%emt 0:00:14]} Qc7 {[%emt 0:00:32]} 14. Be3 {[%emt 0:03:45]} b5
{[%emt 0:03:01]} 15. Nd2 {[%emt 0:00:04]} Ng6 {[%emt 0:01:43]} 16. Bxc5 {
[%emt 0:03:04]} g4 {[%emt 0:00:04]} 17. h4 {[%emt 0:00:27]} Nxh4 {[%emt 0:00:
09]} 18. d4 {[%emt 0:00:17]} Ng6 {[%emt 0:02:19]} 19. dxe5 {[%emt 0:01:22]}
Nxe5 {[%emt 0:01:44]} 20. Nb3 {[%emt 0:01:43]} Qg7 {[%emt 0:02:05]} 21. Bd6 {
[%emt 0:01:31]} h4 {[%emt 0:03:41]} 22. Bxe5 {[%emt 0:00:03]} fxe5 {[%emt 0:00:
01]} 23. Qd6 {[%emt 0:00:17]} h3 {[%emt 0:00:49]} 24. g3 {[%emt 0:00:35]} h2+ {
[%emt 0:00:08]} 25. Kg2 {[%emt 0:00:47]} Bd7 {[%emt 0:01:00]} 26. Nc5 {[%emt 0:
00:25]} Rd8 {[%emt 0:00:45]} 27. Nd3 {[%emt 0:00:38]} Qh7 {[%emt 0:00:18]} 28.
Qxe5+ {[%emt 0:00:06]} Kf8 {[%emt 0:00:02]} 29. Qf6+ {[%emt 0:00:04]} Ke8 {
[%emt 0:00:03]} 30. Nf4 {[%emt 0:00:20]} Qxe4+ {[%emt 0:00:05]} 31. f3 {
[%emt 0:00:04]} gxf3+ {[%emt 0:00:02]} 32. Kf2 {[%emt 0:00:53]} Qxc2+ {[%emt 0:
00:13]} 33. Kxf3 {[%emt 0:00:24]} Bg4+ {[%emt 0:00:35]} 34. Kxg4 {[%emt 0:00:
00]} Rg8+ {[%emt 0:00:03]} 35. Kh4 {[%emt 0:00:04]} Qh7+ {[%emt 0:00:05]} 36.
Nh5 {[%emt 0:00:01]} h1=Q+ {[%emt 0:00:19]} 37. Rxh1 {[%emt 0:00:08]} Qe4+ {
[%emt 0:00:02]} 38. Qf4 {[%emt 0:00:08]} Qe7+ {[%emt 0:00:11]} 39. Nf6+ {
[%emt 0:00:13]} Kf7 {[%emt 0:00:05]} 40. Rhf1 {[%emt 0:00:39]} Rh8+ {[%emt 0:
00:12]} 41. Kg4 {[%emt 0:00:00]} Qe6+ {[%emt 0:00:04]} 42. Kf3 {[%emt 0:00:18]}
Rd3+ {[%emt 0:00:01]} 43. Kg2 {[%emt 0:00:05]} Qh3+ {[%emt 0:00:04]} 44. Kf2 {
[%emt 0:00:09]} Qh2+ {[%emt 0:00:18]} 45. Ke1 {[%emt 0:00:00]} Qxb2 {[%emt 0:
00:29]} 46. Ne4+ {[%emt 0:00:27]} Ke8 {[%emt 0:00:08]} 47. Qb8+ {[%emt 0:00:21]
} Ke7 {[%emt 0:00:04]} 48. Qa7+ {[%emt 0:00:08]} Rd7 {[%emt 0:00:09]} 49. Qc5+
{[%emt 0:00:01]} Kd8 {[%emt 0:00:09]} 50. Qc3 {[%emt 0:00:20]} Qxc3+ {[%emt 0:
00:28]} 51. Nxc3 {[%emt 0:00:01]} Re8+ {[%emt 0:00:01]} 52. Ne2 {[%emt 0:00:05]
} Rde7 {[%emt 0:00:08]} 53. Rf2 {[%emt 0:00:01]} Rh8 {[%emt 0:00:01]} 54. axb5
{[%emt 0:00:11]} Rh1+ {[%emt 0:00:03]} 55. Rf1 {[%emt 0:00:00]} Rh2 {[%emt 0:
00:01]} 56. Rd1+ {[%emt 0:00:34]} Kc7 {[%emt 0:00:03]} 57. b6+ {[%emt 0:00:02]}
Kxb6 {[%emt 0:00:04]} 58. Rd2 {[%emt 0:00:01]} a5 {[%emt 0:00:04]} 59. Kd1 {
[%emt 0:00:06]} a4 {[%emt 0:00:03]} 60. Nc3 {[%emt 0:00:11]} Rxd2+ {[%emt 0:00:
09]} 61. Kxd2 {[%emt 0:00:00]} a3 {[%emt 0:00:06]} 62. Ra1 {[%emt 0:00:05]} Rg7
{[%emt 0:00:04]} 63. Ne2 {[%emt 0:00:04]} Rd7+ {[%emt 0:00:03]} 64. Kc2 {
[%emt 0:00:24]} Re7 {[%emt 0:00:03]} 65. Nc3 {[%emt 0:00:18]} Rg7 {[%emt 0:00:
05]} 66. Rxa3 {[%emt 0:00:03]} Kc5 {[%emt 0:00:04]} 67. Ne4+ {[%emt 0:00:08]}
Kd5 {[%emt 0:00:06]} 68. Kd3 {[%emt 0:00:02]} Rf7 {[%emt 0:00:20]} 69. Ra5+ {
[%emt 0:00:02]} c5 {[%emt 0:00:06]} 70. Rxc5+ {[%emt 0:00:01]} Ke6 {[%emt 0:00:
04]} 71. Ng5+ {[%emt 0:00:02]} 1-0

[Event "European Rapid Championship 2021"]
[Site "Katowice"]
[Date "2021.12.18"]
[Round "4.23"]
[White "Baum, Jonasz"]
[Black "Rudecki, Bartosz"]
[Result "0-1"]
[WhiteElo "2343"]
[BlackElo "1820"]
[Annotator "NA"]
[PlyCount "116"]
[EventDate "2021.12.18"]
[EventType "swiss"]
[EventCountry "POL"]
[SourceTitle "playchess.com"]
[Source "ChessBase"]
[SourceQuality "1"]
[TimeControl "900+10"]

1. d4 {[%emt 0:00:01]} d5 {[%emt 0:00:04]} 2. c4 {[%emt 0:00:02]} e6 {[%emt 0:
00:02]} 3. Nc3 {[%emt 0:00:07]} a6 {[%emt 0:00:04]} 4. cxd5 {[%emt 0:00:16]}
exd5 {[%emt 0:00:02]} 5. Nf3 {[%emt 0:00:02]} Nf6 {[%emt 0:00:07]} 6. Bg5 {
[%emt 0:00:08]} Be6 {[%emt 0:00:10]} 7. e3 {[%emt 0:00:02]} Nbd7 {[%emt 0:00:
06]} 8. Bd3 {[%emt 0:00:14]} Bd6 {[%emt 0:00:16]} 9. O-O {[%emt 0:00:18]} c6 {
[%emt 0:00:04]} 10. Qc2 {[%emt 0:00:37]} Qc7 {[%emt 0:00:25]} 11. Bh4 {[%emt 0:
01:02]} Bg4 {[%emt 0:00:28]} 12. Bg3 {[%emt 0:04:42]} O-O {[%emt 0:00:37]} 13.
Nh4 {[%emt 0:01:31]} Bxg3 {[%emt 0:00:34]} 14. hxg3 {[%emt 0:00:04]} Rae8 {
[%emt 0:00:17]} 15. Rae1 {[%emt 0:00:22]} g6 {[%emt 0:02:30]} 16. Nf3 {[%emt 0:
00:49]} Qd6 {[%emt 0:00:24]} 17. Nd2 {[%emt 0:00:52]} Kg7 {[%emt 0:01:25]} 18.
Nb3 {[%emt 0:02:05]} h5 {[%emt 0:02:04]} 19. Ne2 {[%emt 0:01:08]} Bxe2 {
[%emt 0:01:26]} 20. Qxe2 {[%emt 0:00:33]} Ne4 {[%emt 0:00:26]} 21. Qf3 {
[%emt 0:00:11]} f5 {[%emt 0:01:10]} 22. Qf4 {[%emt 0:00:05]} Kf6 {[%emt 0:01:
18]} 23. f3 {[%emt 0:01:14]} Qxf4 {[%emt 0:00:52]} 24. gxf4 {[%emt 0:00:02]}
Ng3 {[%emt 0:00:12]} 25. Rf2 {[%emt 0:00:02]} Re7 {[%emt 0:00:17]} 26. Rc2 {
[%emt 0:00:36]} Rfe8 {[%emt 0:00:02]} 27. Kf2 {[%emt 0:00:00]} h4 {[%emt 0:00:
08]} 28. Rcc1 {[%emt 0:01:10]} Kf7 {[%emt 0:01:44]} 29. Na1 {[%emt 0:00:02]}
Kf6 {[%emt 0:00:15]} 30. b4 {[%emt 0:00:17]} g5 {[%emt 0:00:19]} 31. fxg5+ {
[%emt 0:00:06]} Kxg5 {[%emt 0:00:01]} 32. Nc2 {[%emt 0:00:11]} Nf6 {[%emt 0:00:
07]} 33. a4 {[%emt 0:00:18]} f4 {[%emt 0:00:16]} 34. exf4+ {[%emt 0:00:21]}
Kxf4 {[%emt 0:00:01]} 35. Rxe7 {[%emt 0:00:20]} Rxe7 {[%emt 0:00:01]} 36. b5 {
[%emt 0:00:16]} axb5 {[%emt 0:00:26]} 37. axb5 cxb5 {[%emt 0:00:13]} 38. Nb4 {
[%emt 0:00:24]} Re3 {[%emt 0:00:30]} 39. Rd1 {[%emt 0:00:43]} h3 {[%emt 0:00:
57]} 40. gxh3 {[%emt 0:00:01]} Rxf3+ {[%emt 0:00:05]} 41. Kg2 {[%emt 0:00:01]}
Nge4 {[%emt 0:00:14]} 42. Bxb5 {[%emt 0:00:23]} Nc3 {[%emt 0:00:16]} 43. Rd3 {
[%emt 0:00:29]} Rxd3 {[%emt 0:00:06]} 44. Bxd3 {[%emt 0:00:07]} Ke3 {[%emt 0:
00:04]} 45. Bg6 {[%emt 0:00:08]} Kxd4 {[%emt 0:00:10]} 46. h4 {[%emt 0:00:04]}
Ne2 {[%emt 0:00:03]} 47. Kf3 {[%emt 0:00:06]} Nc3 {[%emt 0:00:24]} 48. Kf4 {
[%emt 0:00:06]} Kc5 {[%emt 0:00:04]} 49. Nd3+ {[%emt 0:00:06]} Kd4 {[%emt 0:00:
06]} 50. Ne1 {[%emt 0:00:20]} Nce4 {[%emt 0:00:04]} 51. Nf3+ {[%emt 0:00:06]}
Kc5 {[%emt 0:00:07]} 52. Ke5 {[%emt 0:00:16]} b5 {[%emt 0:00:15]} 53. Ne1 {
[%emt 0:00:22]} b4 {[%emt 0:00:19]} 54. Bxe4 {[%emt 0:00:11]} dxe4 {[%emt 0:00:
10]} 55. Kxf6 {[%emt 0:00:09]} b3 {[%emt 0:00:00]} 56. h5 {[%emt 0:00:08]} b2 {
[%emt 0:00:05]} 57. h6 {[%emt 0:00:03]} b1=Q {[%emt 0:00:03]} 58. h7 {[%emt 0:
00:03]} Qxe1 {[%emt 0:00:02]} 0-1

[Event "European Rapid Championship 2021"]
[Site "Katowice"]
[Date "2021.12.18"]
[Round "4.24"]
[White "Szczygiel, Konrad"]
[Black "Molenda, Marcin"]
[Result "0-1"]
[WhiteElo "1835"]
[BlackElo "2365"]
[Annotator "NA"]
[PlyCount "77"]
[EventDate "2021.12.18"]
[EventType "swiss"]
[EventCountry "POL"]
[SourceTitle "playchess.com"]
[Source "ChessBase"]
[SourceQuality "1"]
[TimeControl "900+10"]

1. d4 {[%emt 0:00:51]} Nf6 {[%emt 0:00:02]} 2. c4 {[%emt 0:00:02]} g6 {[%emt 0:
00:02]} 3. Nc3 {[%emt 0:00:01]} Bg7 {[%emt 0:00:02]} 4. e4 {[%emt 0:00:02]} d6
{[%emt 0:00:02]} 5. f4 {[%emt 0:00:02]} O-O {[%emt 0:00:18]} 6. Nf3 {[%emt 0:
00:05]} c5 {[%emt 0:00:04]} 7. d5 {[%emt 0:00:02]} e6 {[%emt 0:00:22]} 8. Be2 {
[%emt 0:00:01]} exd5 {[%emt 0:00:02]} 9. cxd5 {[%emt 0:00:01]} b5 {[%emt 0:00:
06]} 10. Bxb5 {[%emt 0:00:09]} Nxe4 {[%emt 0:01:10]} 11. Nxe4 {[%emt 0:00:02]}
Qa5+ {[%emt 0:00:01]} 12. Kf2 {[%emt 0:00:01]} Qxb5 {[%emt 0:00:07]} 13. Nxd6 {
[%emt 0:00:01]} Qb6 {[%emt 0:01:12]} 14. Nxc8 {[%emt 0:00:06]} Rxc8 {[%emt 0:
00:02]} 15. Re1 {[%emt 0:02:49]} c4+ {[%emt 0:01:01]} 16. Kf1 {[%emt 0:02:05]}
c3 {[%emt 0:00:40]} 17. bxc3 {[%emt 0:02:53]} Bxc3 {[%emt 0:00:14]} 18. Be3 {
[%emt 0:01:20]} Qb5+ {[%emt 0:00:06]} 19. Re2 {[%emt 0:00:27]} Bxa1 {[%emt 0:
00:06]} 20. Qxa1 {[%emt 0:00:02]} Qxd5 {[%emt 0:00:04]} 21. Bd4 {[%emt 0:00:14]
} Nd7 {[%emt 0:00:48]} 22. Bh8 {[%emt 0:03:27]} f6 {[%emt 0:00:18]} 23. Bxf6 {
[%emt 0:00:02]} Nxf6 {[%emt 0:00:07]} 24. Qxf6 {[%emt 0:00:02]} Rc1+ {[%emt 0:
00:22]} 25. Kf2 {[%emt 0:00:19]} Rf8 {[%emt 0:00:02]} 26. Qe5 {[%emt 0:00:14]}
Qc4 {[%emt 0:01:31]} 27. g3 {[%emt 0:00:47]} Rc2 {[%emt 0:00:18]} 28. Rxc2 {
[%emt 0:00:21]} Qxc2+ {[%emt 0:00:02]} 29. Qe2 {[%emt 0:00:01]} Rc8 {[%emt 0:
00:13]} 30. Nd4 {[%emt 0:00:38]} Qxe2+ {[%emt 0:00:04]} 31. Kxe2 {[%emt 0:00:
01]} Rc4 {[%emt 0:00:19]} 32. Ke3 {[%emt 0:01:03]} Ra4 {[%emt 0:00:08]} 33. g4
{[%emt 0:00:41]} Rxa2 {[%emt 0:00:04]} 34. Nf3 {[%emt 0:00:26]} a5 {[%emt 0:00:
06]} 35. f5 {[%emt 0:00:19]} gxf5 {[%emt 0:00:02]} 36. gxf5 {[%emt 0:00:00]} a4
{[%emt 0:00:01]} 37. Kf4 {[%emt 0:00:50]} Rf2 {[%emt 0:00:03]} 38. Ke3 {
[%emt 0:00:03]} Rxf3+ {[%emt 0:00:01]} 39. Kd4 0-1

[Event "European Rapid Championship 2021"]
[Site "Katowice"]
[Date "2021.12.18"]
[Round "4.24"]
[White "Nytra, Ondrej"]
[Black "Piesik, Piotr"]
[Result "1/2-1/2"]
[WhiteElo "1798"]
[BlackElo "2342"]
[Annotator "ChessBase"]
[PlyCount "142"]
[EventDate "2021.12.18"]
[EventType "swiss"]
[EventCountry "POL"]
[SourceTitle "playchess.com"]
[Source "ChessBase"]
[SourceQuality "1"]
[TimeControl "900+10"]

1. e4 {[%emt 0:00:02]} c6 {[%emt 0:00:01]} 2. d4 {[%emt 0:00:01]} d5 {[%emt 0:
00:01]} 3. e5 {[%emt 0:00:02]} Bf5 {[%emt 0:00:01]} 4. c3 {[%emt 0:00:01]} e6 {
[%emt 0:00:01]} 5. Be3 {[%emt 0:00:01]} Nd7 {[%emt 0:00:02]} 6. Nd2 {[%emt 0:
00:01]} f6 {[%emt 0:00:08]} 7. f4 {[%emt 0:00:08]} Qb6 {[%emt 0:00:23]} 8. Qb3
{[%emt 0:00:04]} g5 {[%emt 0:00:09]} 9. Be2 {[%emt 0:00:22]} gxf4 {[%emt 0:00:
25]} 10. Bxf4 {[%emt 0:00:42]} fxe5 {[%emt 0:00:10]} 11. dxe5 {[%emt 0:00:33]}
Nc5 {[%emt 0:01:26]} 12. Qxb6 {[%emt 0:00:36]} axb6 {[%emt 0:00:01]} 13. Ngf3 {
[%emt 0:00:16]} Na4 {[%emt 0:00:44]} 14. Nd4 {[%emt 0:00:25]} Nxb2 {[%emt 0:00:
29]} 15. Nxf5 {[%emt 0:00:05]} exf5 {[%emt 0:00:01]} 16. O-O {[%emt 0:01:46]}
Bc5+ {[%emt 0:00:07]} 17. Kh1 {[%emt 0:00:06]} Ne7 {[%emt 0:00:02]} 18. Bg5 {
[%emt 0:00:34]} Na4 {[%emt 0:02:46]} 19. c4 {[%emt 0:01:11]} Nc3 {[%emt 0:00:
16]} 20. Bh5+ {[%emt 0:00:02]} Kd7 {[%emt 0:00:03]} 21. cxd5 {[%emt 0:00:56]}
Ncxd5 {[%emt 0:00:06]} 22. Nc4 {[%emt 0:05:11]} Rhf8 {[%emt 0:02:31]} 23. h3 {
[%emt 0:03:36]} Ra4 {[%emt 0:00:26]} 24. Bh6 {[%emt 0:00:32]} Rfa8 {[%emt 0:00:
17]} 25. e6+ {[%emt 0:00:33]} Kxe6 {[%emt 0:00:37]} 26. Rae1+ {[%emt 0:00:01]}
Kd7 {[%emt 0:00:01]} 27. Ne5+ {[%emt 0:00:01]} Kc7 {[%emt 0:00:01]} 28. Bf7 {
[%emt 0:00:25]} Rxa2 {[%emt 0:01:56]} 29. Be6 {[%emt 0:00:02]} Rf2 {[%emt 0:00:
55]} 30. Rxf2 {[%emt 0:00:31]} Bxf2 {[%emt 0:00:01]} 31. Rf1 {[%emt 0:00:34]}
Bd4 {[%emt 0:00:02]} 32. Nf7 {[%emt 0:00:23]} Ra1 {[%emt 0:00:57]} 33. Rxa1 {
[%emt 0:00:37]} Bxa1 {[%emt 0:00:01]} 34. Ng5 {[%emt 0:00:00]} b5 {[%emt 0:00:
02]} 35. Bf8 {[%emt 0:00:27]} b4 {[%emt 0:00:48]} 36. Nxh7 {[%emt 0:00:01]} f4
{[%emt 0:01:12]} 37. Ng5 {[%emt 0:00:12]} Bf6 {[%emt 0:01:21]} 38. Ne4 {
[%emt 0:00:05]} Bh4 {[%emt 0:00:05]} 39. Bg7 {[%emt 0:00:21]} b6 {[%emt 0:00:
51]} 40. Be5+ {[%emt 0:00:12]} Kb7 {[%emt 0:00:01]} 41. Bd6 {[%emt 0:00:01]}
Ka6 {[%emt 0:00:09]} 42. Kg1 {[%emt 0:00:16]} c5 {[%emt 0:00:17]} 43. Kf1 {
[%emt 0:00:14]} Ka5 {[%emt 0:00:39]} 44. Ke2 {[%emt 0:00:09]} Kb5 {[%emt 0:00:
24]} 45. Bd7+ {[%emt 0:00:09]} Kc4 {[%emt 0:00:05]} 46. Nd2+ {[%emt 0:00:01]}
Kc3 {[%emt 0:00:22]} 47. Be5+ {[%emt 0:00:02]} Kc2 {[%emt 0:00:01]} 48. Ba4+ {
[%emt 0:00:01]} Kc1 {[%emt 0:00:04]} 49. Nb3+ {[%emt 0:00:09]} Kb1 {[%emt 0:00:
02]} 50. Nd2+ {[%emt 0:00:01]} Ka2 {[%emt 0:00:09]} 51. Kd3 {[%emt 0:00:13]}
Bf6 {[%emt 0:00:21]} 52. Bb3+ {[%emt 0:00:42]} Ka3 {[%emt 0:00:01]} 53. Bxf6 {
[%emt 0:00:08]} c4+ {[%emt 0:00:15]} 54. Bxc4 {[%emt 0:00:12]} Nxf6 {[%emt 0:
00:01]} 55. Bb3 {[%emt 0:00:09]} Nf5 {[%emt 0:00:27]} 56. Be6 {[%emt 0:00:07]}
Nd6 {[%emt 0:00:18]} 57. h4 {[%emt 0:00:13]} b5 {[%emt 0:00:08]} 58. Bb3 {
[%emt 0:00:06]} Nf5 {[%emt 0:00:10]} 59. h5 {[%emt 0:00:16]} Nxh5 {[%emt 0:00:
04]} 60. Ke4 {[%emt 0:00:07]} Ne3 {[%emt 0:00:34]} 61. Bf7 {[%emt 0:00:14]}
Nf6+ {[%emt 0:00:09]} 62. Kxf4 {[%emt 0:00:05]} Nxg2+ {[%emt 0:00:01]} 63. Ke5
{[%emt 0:00:11]} Ng4+ {[%emt 0:00:06]} 64. Kd4 {[%emt 0:00:08]} Nh4 {[%emt 0:
00:59]} 65. Kc5 {[%emt 0:00:09]} Nf5 {[%emt 0:00:01]} 66. Be6 {[%emt 0:00:03]}
Nge3 {[%emt 0:00:02]} 67. Bd7 {[%emt 0:00:24]} b3 {[%emt 0:00:19]} 68. Kxb5 {
[%emt 0:00:09]} b2 {[%emt 0:00:07]} 69. Bxf5 {[%emt 0:00:02]} Nxf5 {[%emt 0:00:
05]} 70. Nc4+ {[%emt 0:00:01]} Kb3 {[%emt 0:00:00]} 71. Nxb2 {[%emt 0:00:01]}
Kxb2 {[%emt 0:00:01]} 1/2-1/2